| 000 | 00878nam a2200265Ia 4500 | ||
|---|---|---|---|
| 003 | OSt | ||
| 005 | 20220918170837.0 | ||
| 006 | a|||||r|||| 00| 0 | ||
| 007 | ta | ||
| 008 | 220917b |||||||| |||| 00| 0 eng d | ||
| 020 |
_a9780739168363 (pbk) _c1925.23 |
||
| 024 | _a263,810 | ||
| 037 |
_b35424, 03/08/2012, Segment Book Distributors _cTextual |
||
| 040 |
_aARTS _cARTS _beng |
||
| 041 |
_2eng _aeng |
||
| 082 | _aX:3M24xM18:g, Q2 | ||
| 100 |
_aAnderson Kevin B Ed. _931610 |
||
| 245 | 0 | _aDunayevskaya marcuse fromm correspondence 1954-1978 | |
| 260 |
_aLanham _bLaxington Books _c2012 |
||
| 300 |
_alix,267p. _ccm. |
||
| 650 | _aECONOMICS | ||
| 700 |
_a Rockwell Russell Ed. _931611 |
||
| 942 |
_hX:3M24xM18:g, Q2 _cTEXL _2CC |
||
| 999 |
_c136167 _d136167 |
||